[Event "Ceriano Laghetto op-C 17th"]
[Site "Ceriano Laghetto"]
[Date "2008.03.29"]
[Round "3"]
[White "Villa, Giorgio"]
[Black "Nava, Mario"]
[Result "0-1"]
[WhiteElo "1431"]
[BlackElo "1368"]
[PlyCount "92"]
[EventDate "2008.03.28"]
[EventType "swiss"]
[EventRounds "5"]
[EventCountry "ITA"]
[SourceTitle "EXT 2011"]
[Source "ChessBase"]
[SourceDate "2010.11.26"]
[SourceVersion "1"]
[SourceVersionDate "2010.11.26"]
[SourceQuality "1"]

1. e4 c5 2. Nf3 e6 3. g3 Nc6 4. Nc3 g6 5. Bg2 Bg7 6. 0-0 Nge7 7. d3 0-0 8. Bg5 d6 9. Qd2 Qa5 10. a3 Qb6 11. Rab1 Qa5 12. Bh6 Re8 13. Bxg7 Kxg7 14. d4 cxd4 15. Nxd4 e5 16. Nxc6 Nxc6 17. b4 Qd8 18. Nb5 Re6 19. c4 a6 20. Nc3 Re8 21. c5 Nd4 22. cxd6 Qxd6 23. Rfc1 Nf3+ 24. Bxf3 Qxd2 25. Nd5 Rb8 26. Rd1 Qg5 27. Ne3 Bh3 28. Bg2 Bxg2 29. Kxg2 h6 30. h4 Qe7 31. Nd5 Qf8 32. Rbc1 a5 33. bxa5 Qxa3 34. Ra1 Qc5 35. Rdc1 Qd4 36. f3 Qd2+ 37. Kg1 Ra8 38. Nc7 Rac8 39. Rd1 Qe3+ 40. Kg2 Qe2+ 41. Kg1 Rxc7 42. Re1 Qxf3 43. Kh2 Rc2+ 44. Kh3 Qg2+ 45. Kg4 h5+ 46. Kg5 Qxg3# 0-1